000 00914nam a2200277Ia 4500
005 20220317000546.0
008 160601s2005 sp a g 000 0 spa
020 _a842417707X
100 1 _aMachado, María Clara
245 1 0 _aPluft, el fantasmita
_cMaría Clara Machado ; ilustraciones por Tesa González
250 _a4a. edición
300 _a77 páginas
_bilustraciones
_c21 cm
650 1 4 _2LEMB
_aTeatro infantil
650 1 4 _2LEMB
_aLiteratura infantil
650 1 4 _2LEMB
_aFantasmas en la literatura
650 1 4 _2LEMB
_aTesoros en la literatura
650 1 4 _2LEMB
_aPiratas en la literatura
700 1 _aGonzález, Tesa
_eilustrador
_98006
942 _2loc
_cBKLIT
264 _aLeón
_bEverest
_c2005
336 _atexto
_btxt
_2rdacontent
337 _asin mediación
_bn
_2rdamedia
338 _avolumen
_bnc
_2rdacarrier
040 _aCO-BoRNBP
_bspa
_erda
_cCO-BoRNBP
084 _aT MAC8
999 _c4385
_d4385